000 00361nam a2200133Ia 4500
008 240624s9999 xx 000 0 und d
041 _aeng
082 _a658.4 RUD
100 _aRUD OLIVIA PARR
245 _aBUSINESS INTELLIGENCE SUCCESS FACTORS TO
260 _c2009
_aNew Jersey
_bJohn Wiley and Sons
300 _axix, : 283 : p. : cm. ; 23
365 _c
_b30
999 _c15081
_d15081